| 000 | 00706nam a2200301Ia 4500 | ||
|---|---|---|---|
| 005 | 20260401122436.0 | ||
| 008 | 008 250103s9999 xx 000 0 eng d | ||
| 020 | _a9780300135596 | ||
| 037 | _aTB | ||
| 040 | _aEDL | ||
| 040 | _beng | ||
| 040 | _cEDL | ||
| 041 | _2eng | ||
| 041 | _aeng | ||
| 084 | _a821.4SUG | ||
| 084 | _qEDL | ||
| 100 |
_aSugimura, N.K _91233627 |
||
| 245 | 0 | _aMatter of glorious trial : Spiritual and material substance in Paradise Lost | |
| 245 | 0 | _cSugimura, N.K | |
| 260 | _aNew Haven | ||
| 260 | _bYale University Press | ||
| 260 | _c2009 | ||
| 300 | _a402p | ||
| 942 | _cTB | ||
| 942 | _h821.4SUG | ||
| 999 |
_c1847307 _d1847307 |
||